Estudios Jurd̕icos Hispano-Lusos de los Servicios en Red (energa̕, telecomunicaciones y transportes) y su incidencia en los Espacios Naturales Protegidos

Detalles Bibliográficos
Autor principal: Gonzl̀ez Ro̕s, Isabel
Formato: Libro
Lenguaje:español
Publicado: Espaą Dykinson 2015
Materias:
Acceso en línea:Acceso restringido

MARC

LEADER 00000nam a22000007a 4500
005 20160525101631.0
007 cr|||| ||u|
008 160525s2015 sp ||||| |||| 00||0 spa d
020 |a 978-84-9085-399-3 
035 |a 14276 
040 |a vLex  
090 |c 6145  |d 6145 
100 1 |a Gonzl̀ez Ro̕s, Isabel 
245 1 0 |a Estudios Jurd̕icos Hispano-Lusos de los Servicios en Red (energa̕, telecomunicaciones y transportes)  |h [Recurso electrn̤ico] /  |c Isabel Gonzl̀ez Ro̕s  |b y su incidencia en los Espacios Naturales Protegidos 
256 |a Servicio en ln̕ea  
260 |a Espaą  |b Dykinson  |c 2015 
300 |a 1 recurso electrn̤ico 
506 1 |a Contenido solo disponible en los productos indicados  |d vLex Global  |d vLex Global (Academic Edition, excluding Law Schools)  |d vLex Global (U.S. Academic Edition, Law Schools)  |d vLex Global (U.S. Academic Edition, excluding Law Schools)  |d vLex Global (Academic Edition, Law Schools) 
650 0 4 |a Derecho  |z Espaą 
740 0 |a vLex libros (servicio en ln̕ea)  
856 4 0 |u http://vlex.com/source/estudios-juridicos-hispano-lusos-servicios-red-14276  |z Acceso restringido 
942 |c BOOK 
999 0 |a Law  |b Spain